<?xml version="1.0" encoding="UTF-8"?>
<record
    xmlns:xsi="http://www.w3.org/2001/XMLSchema-instance"
    xsi:schemaLocation="http://www.loc.gov/MARC21/slim http://www.loc.gov/standards/marcxml/schema/MARC21slim.xsd"
    xmlns="http://www.loc.gov/MARC21/slim">

  <leader>02667cam a2200313 a 4500</leader>
  <datafield tag="999" ind1=" " ind2=" ">
    <subfield code="c">5290</subfield>
    <subfield code="d">5290</subfield>
  </datafield>
  <controlfield tag="001">20223363</controlfield>
  <controlfield tag="003">OCoLC</controlfield>
  <controlfield tag="005">20190102180646.0</controlfield>
  <controlfield tag="008">881202s1989    coua     b    000 0 eng  </controlfield>
  <datafield tag="010" ind1=" " ind2=" ">
    <subfield code="a">   88063874</subfield>
  </datafield>
  <datafield tag="020" ind1=" " ind2=" ">
    <subfield code="a">0891095616</subfield>
  </datafield>
  <datafield tag="020" ind1=" " ind2=" ">
    <subfield code="a">9780891095613</subfield>
  </datafield>
  <datafield tag="035" ind1=" " ind2=" ">
    <subfield code="a">(OCoLC)20223363</subfield>
    <subfield code="z">(OCoLC)21148436</subfield>
  </datafield>
  <datafield tag="040" ind1=" " ind2=" ">
    <subfield code="a">DLC</subfield>
    <subfield code="c">DLC</subfield>
    <subfield code="d">BTCTA</subfield>
    <subfield code="d">BAKER</subfield>
    <subfield code="d">YDXCP</subfield>
    <subfield code="d">HNW</subfield>
  </datafield>
  <datafield tag="050" ind1="0" ind2="0">
    <subfield code="a">BV3790</subfield>
    <subfield code="b">.P4845 1989</subfield>
  </datafield>
  <datafield tag="082" ind1="0" ind2="0">
    <subfield code="a">269.2</subfield>
    <subfield code="2">20</subfield>
    <subfield code="b">P484L</subfield>
  </datafield>
  <datafield tag="092" ind1=" " ind2=" ">
    <subfield code="a">269.2</subfield>
    <subfield code="b">P4844L</subfield>
  </datafield>
  <datafield tag="100" ind1="1" ind2=" ">
    <subfield code="a">Petersen, Jim.</subfield>
  </datafield>
  <datafield tag="245" ind1="1" ind2="0">
    <subfield code="a">Living proof /</subfield>
    <subfield code="c">Jim Petersen..</subfield>
  </datafield>
  <datafield tag="260" ind1=" " ind2=" ">
    <subfield code="a">Colorado Springs, Colo. :</subfield>
    <subfield code="b">NavPress,</subfield>
    <subfield code="c">c1989.</subfield>
  </datafield>
  <datafield tag="300" ind1=" " ind2=" ">
    <subfield code="a">251 p. :</subfield>
    <subfield code="b">ill. ;</subfield>
    <subfield code="c">23 cm.</subfield>
  </datafield>
  <datafield tag="500" ind1=" " ind2=" ">
    <subfield code="a">Originally published as two books, Evangelism as a lifestyle and Evangelism for our generation, revised and combined into one.</subfield>
  </datafield>
  <datafield tag="504" ind1=" " ind2=" ">
    <subfield code="a">Includes bibliographical references.</subfield>
  </datafield>
  <datafield tag="505" ind1="0" ind2=" ">
    <subfield code="a">Introduction: New insights on traditional evangelism : evangelism bound by tradition -- Understanding the times : a world of unprecedented change -- Understanding the people of our generation : creature in rebellion -- Jesus and the people of his generation : Jesus was the message -- The message for our generation : the issue of his identity -- The fact of isolation : overcoming the barrier of mutual fear -- From isolation to communication : dynamics of the process -- Proclamation : biblical, essential, and effective -- Affirmation : the often missing factor -- Lighting up the darkness : the essence of light -- The congruence of life and belief : modeling God's grace -- Don't obscure the message : truth eclipsed by tradition -- Who adapts to whom? : making the other person comfortable -- The witness of the body : supplementing each other's abilities -- Three simultaneous influences : life, body, and verbal witness -- Evangelism is a team effort : balance of gifts within the body -- Taking the first steps : conversion occurs a step at a time -- Bridging the distance from indifference to faith : discovering bridges of common interest -- Going to the primary source : total reliance on the Scriptures -- The biblical basis for faith : conscious submission to God through his word -- The dynamics of confession : the Christian, the Holy Spirit, and the Scriptures -- Guiding someone through the Scriptures : questions are our most valuable tool -- A time to sow, a time to reap : patiently aware of the process -- Enlarging your circles of opportunity : capitalizing on new relationships -- Epilogue : unity in diversity.</subfield>
  </datafield>
  <datafield tag="650" ind1=" " ind2="0">
    <subfield code="a">Evangelistic work.</subfield>
  </datafield>
  <datafield tag="700" ind1="1" ind2=" ">
    <subfield code="a">Petersen, Jim.</subfield>
    <subfield code="t">Evangelism as a lifestyle.</subfield>
  </datafield>
  <datafield tag="700" ind1="1" ind2=" ">
    <subfield code="a">Petersen, Jim.</subfield>
    <subfield code="t">Evangelism for our generation.</subfield>
  </datafield>
  <datafield tag="942" ind1=" " ind2=" ">
    <subfield code="2">ddc</subfield>
    <subfield code="c">BK</subfield>
  </datafield>
  <datafield tag="952" ind1=" " ind2=" ">
    <subfield code="0">0</subfield>
    <subfield code="1">0</subfield>
    <subfield code="2">ddc</subfield>
    <subfield code="4">0</subfield>
    <subfield code="7">0</subfield>
    <subfield code="8">NFIC</subfield>
    <subfield code="a">HMC</subfield>
    <subfield code="b">HMC</subfield>
    <subfield code="c">GEN</subfield>
    <subfield code="d">2019-01-02</subfield>
    <subfield code="g">450.00</subfield>
    <subfield code="l">0</subfield>
    <subfield code="o">269.2 P484L</subfield>
    <subfield code="p">006056</subfield>
    <subfield code="r">2019-01-02 00:00:00</subfield>
    <subfield code="w">2019-01-02</subfield>
    <subfield code="y">BK</subfield>
  </datafield>
  <datafield tag="952" ind1=" " ind2=" ">
    <subfield code="0">0</subfield>
    <subfield code="1">0</subfield>
    <subfield code="2">ddc</subfield>
    <subfield code="4">0</subfield>
    <subfield code="7">0</subfield>
    <subfield code="8">NFIC</subfield>
    <subfield code="a">HMC</subfield>
    <subfield code="b">HMC</subfield>
    <subfield code="c">GEN</subfield>
    <subfield code="d">2019-01-02</subfield>
    <subfield code="g">450.00</subfield>
    <subfield code="l">0</subfield>
    <subfield code="o">269.2 P484L</subfield>
    <subfield code="p">006057</subfield>
    <subfield code="r">2019-01-02 00:00:00</subfield>
    <subfield code="w">2019-01-02</subfield>
    <subfield code="y">BK</subfield>
  </datafield>
  <datafield tag="952" ind1=" " ind2=" ">
    <subfield code="0">0</subfield>
    <subfield code="1">0</subfield>
    <subfield code="2">ddc</subfield>
    <subfield code="4">0</subfield>
    <subfield code="7">0</subfield>
    <subfield code="8">NFIC</subfield>
    <subfield code="a">HMC</subfield>
    <subfield code="b">HMC</subfield>
    <subfield code="c">GEN</subfield>
    <subfield code="d">2019-01-02</subfield>
    <subfield code="g">450.00</subfield>
    <subfield code="l">0</subfield>
    <subfield code="o">269.2 P484L</subfield>
    <subfield code="p">006058</subfield>
    <subfield code="r">2019-01-02 00:00:00</subfield>
    <subfield code="w">2019-01-02</subfield>
    <subfield code="y">BK</subfield>
  </datafield>
  <datafield tag="952" ind1=" " ind2=" ">
    <subfield code="0">0</subfield>
    <subfield code="1">0</subfield>
    <subfield code="2">ddc</subfield>
    <subfield code="4">0</subfield>
    <subfield code="7">0</subfield>
    <subfield code="8">NFIC</subfield>
    <subfield code="a">HMC</subfield>
    <subfield code="b">HMC</subfield>
    <subfield code="c">GEN</subfield>
    <subfield code="d">2019-01-02</subfield>
    <subfield code="g">450.00</subfield>
    <subfield code="l">0</subfield>
    <subfield code="o">269.2 P484L</subfield>
    <subfield code="p">006059</subfield>
    <subfield code="r">2019-01-02 00:00:00</subfield>
    <subfield code="w">2019-01-02</subfield>
    <subfield code="y">BK</subfield>
  </datafield>
  <datafield tag="952" ind1=" " ind2=" ">
    <subfield code="0">0</subfield>
    <subfield code="1">0</subfield>
    <subfield code="2">ddc</subfield>
    <subfield code="4">0</subfield>
    <subfield code="7">0</subfield>
    <subfield code="8">NFIC</subfield>
    <subfield code="a">HMC</subfield>
    <subfield code="b">HMC</subfield>
    <subfield code="c">GEN</subfield>
    <subfield code="d">2019-01-02</subfield>
    <subfield code="g">450.00</subfield>
    <subfield code="l">0</subfield>
    <subfield code="o">269.2 P484L</subfield>
    <subfield code="p">006060</subfield>
    <subfield code="r">2019-01-02 00:00:00</subfield>
    <subfield code="w">2019-01-02</subfield>
    <subfield code="y">BK</subfield>
  </datafield>
  <datafield tag="952" ind1=" " ind2=" ">
    <subfield code="0">0</subfield>
    <subfield code="1">0</subfield>
    <subfield code="2">ddc</subfield>
    <subfield code="4">0</subfield>
    <subfield code="7">0</subfield>
    <subfield code="8">NFIC</subfield>
    <subfield code="a">HMC</subfield>
    <subfield code="b">HMC</subfield>
    <subfield code="c">GEN</subfield>
    <subfield code="d">2019-01-02</subfield>
    <subfield code="g">450.00</subfield>
    <subfield code="l">0</subfield>
    <subfield code="o">269.2 P484L</subfield>
    <subfield code="p">006061</subfield>
    <subfield code="r">2019-01-02 00:00:00</subfield>
    <subfield code="w">2019-01-02</subfield>
    <subfield code="y">BK</subfield>
  </datafield>
  <datafield tag="952" ind1=" " ind2=" ">
    <subfield code="0">0</subfield>
    <subfield code="1">0</subfield>
    <subfield code="2">ddc</subfield>
    <subfield code="4">0</subfield>
    <subfield code="7">0</subfield>
    <subfield code="8">NFIC</subfield>
    <subfield code="a">HMC</subfield>
    <subfield code="b">HMC</subfield>
    <subfield code="c">GEN</subfield>
    <subfield code="d">2019-01-02</subfield>
    <subfield code="g">450.00</subfield>
    <subfield code="l">0</subfield>
    <subfield code="o">269.2 P484L</subfield>
    <subfield code="p">006062</subfield>
    <subfield code="r">2019-01-02 00:00:00</subfield>
    <subfield code="w">2019-01-02</subfield>
    <subfield code="y">BK</subfield>
  </datafield>
</record>
